|
|
|
|
| LEADER |
01076nam a2200253 a 4500 |
| 001 |
12376453 |
| 008 |
090712s2003 cauab b 001 0 eng d |
| 010 |
|
|
|a \\2001027673
|
| 020 |
|
|
|a 0520228219 (alk. paper)
|
| 020 |
|
|
|a 0195656210
|
| 040 |
|
|
|a DLC
|c DLC
|d DLC
|
| 082 |
0 |
0 |
|a 891.4
|2 21
|
| 245 |
0 |
0 |
|a Literary cultures in history :
|b reconstructions from South Asia /
|c edited by Sheldon Pollock.
|
| 260 |
|
|
|a Berkeley :
|b University of California Press ;
|a New Delhi :
|b Oxford University Press,
|c 2003.
|
| 300 |
|
|
|a xxix, 1066 p. :
|b ill., maps ;
|c 24 cm.
|
| 504 |
|
|
|a Includes bibliographical references and index.
|
| 541 |
1 |
|
|e 00013993
|
| 650 |
|
0 |
|a Indic literature
|x History and criticism.
|
| 650 |
|
0 |
|a Literature and society
|z South Asia
|x History.
|
| 650 |
|
0 |
|a Politics and literature
|z South Asia
|x History.
|
| 700 |
1 |
|
|a Pollock, Sheldon.
|
| 852 |
4 |
|
|a Ayesha Abed Library
|j General shelf
|
| 999 |
|
|
|c 2271
|d 2271
|
| 952 |
|
|
|0 0
|1 0
|2 ddc
|4 0
|6 891_400000000000000_POL_2004
|7 0
|9 2095
|a BRACUL
|b BRACUL
|c GEN
|d 2009-07-12
|l 2
|m 5
|o 891.4 POL
|p 3010013993
|r 2018-04-18
|s 2018-03-12
|t 1
|w 2009-07-12
|y BK
|